000 00306nam a2200133Ia 4500
008 221030s9999 xx 000 0 und d
041 _aEnglish
100 _aMonika Mitter/398
245 0 _aMultipurpose Energy Meters
_cHandeep/415
250 _a2010
260 _c2014
650 _aEE
942 _cTH
999 _c15479
_d15479